أسباب الطلاق وأثاره على الأسرة في ضوء المنهج النبوي /
Saved in:
| Main Author: | |
|---|---|
| Other Authors: | |
| Format: | Thesis |
| Language: | Arabic |
| Published: |
Kuala Lumpur :
Kulliyyat Ma'arif al-Wahy wa al-'Ulum al-Insaniyah, al-Jami'ah al-Islamiyah al-'Alamiyah bi- Maliziya,
2005
|
| Subjects: | |
| Online Access: | http://studentrepo.iium.edu.my/handle/123456789/8780 |
| Tags: |
Add Tag
No Tags, Be the first to tag this record!
|
| LEADER | 025770000a22004570004500 | ||
|---|---|---|---|
| 001 | 328995 | ||
| 005 | 20230717143822.0 | ||
| 008 | 051125s2005 my g 000 0 ara d | ||
| 035 | |a (Sirsi) 328995 | ||
| 040 | |a UIAM |b eng | ||
| 041 | 0 | |a ara | |
| 100 | 1 | |a أبو شريعة، إيمان عبد الرحمن محمود |9 35128 | |
| 242 | 1 | 0 | |a Asbab al-talaq wa-atharuhu 'ala al-usrah fi daw' al-manhaj al-nabawi |
| 245 | 1 | 0 | |a أسباب الطلاق وأثاره على الأسرة في ضوء المنهج النبوي / |c إعداد إيمان عبد الرحمن محمود أبو شريعة |
| 260 | |a Kuala Lumpur : |b Kulliyyat Ma'arif al-Wahy wa al-'Ulum al-Insaniyah, al-Jami'ah al-Islamiyah al-'Alamiyah bi- Maliziya, |c 2005 | ||
| 300 | |a BP158.5.K3 | ||
| 300 | |a ي، 132 leaves ; |c 30 cm. | ||
| 336 | |2 rdacontent | ||
| 337 | |2 rdamedia | ||
| 338 | |2 rdacarrier | ||
| 500 | |a "Bahth takmili li-nayl darajat al-Majistir fi Ma'arif al-Wahy wa-al-Turath (Qism al-Qur'an wa-al-Sunnah)."--On t.p. | ||
| 500 | |a Abstracts in English and Arabic. | ||
| 502 | |a Thesis (M.A.IRKH) -- International Islamic University Malaysia, 2005. | ||
| 504 | |a Includes bibliographical references (leaves 125-132). | ||
| 530 | |a Also available on 3 1/2 in. computer disk-converted into 4 3/4 in. computer optical disc. | ||
| 600 | 0 | |a Muhammad, |c Rasul Allah, |d d. 632 |x Marriage |9 34376 | |
| 600 | 0 | 0 | |a Muhammad, |c Rasul Allah, |d d. 632 |x Family |9 23980 |
| 650 | 0 | |a Domestic relations (Islamic law) |9 6621 | |
| 650 | 0 | |a Family |x Religious aspects Islam |9 6019 | |
| 655 | 0 | 7 | |a Theses, IIUM local |
| 690 | 0 | |a Dissertations, Academic |x Department of Qur'an and Sunnah Studies |z IIUM | |
| 700 | 1 | 0 | |a Abu Shariah, Eman Abdel Rahman |9 35129 |
| 710 | 2 | |a International Islamic University Malaysia. |b Department of Qur'an and Sunnah Studies |9 879 | |
| 730 | 0 | |a Asbab al-talaq wa-atharuhu 'ala al-usrah fi daw' al-manhaj al-nabawi. (Computer file) |9 35130 | |
| 856 | 4 | |u http://studentrepo.iium.edu.my/handle/123456789/8780 | |
| 900 | 1 | 0 | |a sn-jmd-his |
| 942 | |2 lcc |n 0 | ||
| 999 | |c 431983 |d 464551 | ||
| 952 | |0 0 |6 LU T BP 158.5 K3 A165A 2005 |7 0 |8 THESES |9 753467 |a IIUM |b IIUM |c CLOSEACCES |g 0.00 |o lu t BP 158.5 K3 A165A 2005 |p 00000938225 |r 2017-10-24 |t 1 |v 0.00 |y THESIS | ||
| 952 | |0 0 |6 T BP 158.5 K3 A165A 2005 |7 0 |8 THESES |9 754340 |a IIUM |b IIUM |c MULTIMEDIA |g 0.00 |o t BP 158.5 K3 A165A 2005 |p 00011275167 |r 2017-10-17 |t 2 |v 0.00 |y THESIS | ||
| 952 | |0 0 |1 7 |6 TS CDF BP158.5K3A165A 2005 |7 18 |8 THESES |9 988956 |a IIUM |b IIUM |c MULTIMEDIA |g 0.00 |o ts cdf BP158.5K3A165A 2005 |p 00000938226 |r 1900-01-02 |t 1 |v 0.00 |y THESISDIG | ||
